[Event "NRW Class2 0708"]
[Site "Germany"]
[Date "2007.12.09"]
[Round "4.8"]
[White "Beekhuis, Maarten"]
[Black "Loskamp, Stefan"]
[Result "0-1"]
[WhiteElo "2050"]
[BlackElo "2160"]
[PlyCount "80"]
[EventDate "2007.09.16"]
[EventType "team"]
[EventRounds "9"]
[EventCountry "GER"]
[SourceTitle "EXT 2009"]
[Source "ChessBase"]
[SourceDate "2008.11.26"]
[SourceVersion "1"]
[SourceVersionDate "2008.11.26"]
[SourceQuality "1"]
[WhiteTeam "Emsdetten II"]
[BlackTeam "Niederkassel"]
[WhiteTeamCountry "GER"]
[BlackTeamCountry "GER"]

1. e4 e6 2. d4 d5 3. Nd2 Nc6 4. c3 e5 5. Bb5 exd4 6. cxd4 dxe4 7. Nxe4 Qe7 8. Qe2 Bd7 9. Bf4 0-0-0 10. Rc1 Qb4+ 11. Kf1 Qxd4 12. Nf3 Qd5 13. Nc3 Qf5 14. Bg3 Nf6 15. Qc4 Nh5 16. Nd5 Nxg3+ 17. hxg3 Bd6 18. Ne3 Qf6 19. b3 Kb8 20. Rh5 Rde8 21. Qa4 g6 22. Rd5 Qb2 23. Rxc6 Bxc6 24. Bxc6 Qc1+ 25. Rd1 Qxc6 26. Qxc6 bxc6 27. Nc4 c5 28. Nfd2 Re6 29. Nb1 Rhe8 30. Nc3 Be5 31. Nd5 Rd8 32. Nde3 Rxd1+ 33. Nxd1 Bd4 34. Nde3 Bxe3 35. Nxe3 Ra6 36. a4 Rb6 37. Ke2 Rxb3 38. Nc2 Rb2 39. Kd3 Kb7 40. Kc3 Rxc2+ 0-1

[Event "Goch op 18th"]
[Site "Goch"]
[Date "2007.10.06"]
[Round "5"]
[White "Hintze, Helge"]
[Black "Loskamp, Stefan"]
[Result "1-0"]
[WhiteElo "2342"]
[BlackElo "2153"]
[PlyCount "57"]
[EventDate "2007.10.04"]
[EventType "swiss"]
[EventRounds "7"]
[EventCountry "GER"]
[SourceTitle "EXT 2011"]
[Source "ChessBase"]
[SourceDate "2010.11.26"]
[SourceVersion "1"]
[SourceVersionDate "2010.11.26"]
[SourceQuality "1"]

1. Nf3 c5 2. c4 Nf6 3. Nc3 b6 4. g3 Bb7 5. Bg2 e6 6. 0-0 Be7 7. d4 cxd4 8. Qxd4 0-0 9. Rd1 a6 10. b3 d6 11. Ba3 Ne8 12. e4 Qc7 13. Qe3 Nd7 14. Rd2 Rc8 15. Rc1 Nef6 16. h3 Rfe8 17. Bb2 Qb8 18. Ne1 Nc5 19. Nd3 Qa8 20. Nxc5 bxc5 21. f4 Nd7 22. e5 Bxg2 23. Rxg2 dxe5 24. Ne4 f5 25. Rd1 Nf8 26. Nd6 Bxd6 27. Rxd6 e4 28. Rgd2 Red8 29. Qc3 1-0

[Event "Oberhausen op"]
[Site "Oberhausen"]
[Date "2007.04.09"]
[Round "7"]
[White "Schleining, Zoya"]
[Black "Loskamp, Stefan"]
[Result "1-0"]
[WhiteElo "2366"]
[BlackElo "2149"]
[PlyCount "59"]
[EventDate "2007.04.05"]
[EventType "swiss"]
[EventRounds "7"]
[EventCountry "GER"]
[SourceTitle "CBM 117 Extra"]
[Source "ChessBase"]
[SourceDate "2007.05.09"]
[SourceVersion "1"]
[SourceVersionDate "2007.05.09"]
[SourceQuality "1"]

1. Nf3 c5 2. c4 e6 3. g3 b6 4. Bg2 Bb7 5. 0-0 Nf6 6. Nc3 a6 7. d3 Be7 8. e4 d6 9. a3 Nc6 10. b4 Nd4 11. Nxd4 cxd4 12. Ne2 e5 13. h3 0-0 14. g4 Nd7 15. Ng3 Bg5 16. Nf5 Bxc1 17. Qxc1 Nb8 18. c5 dxc5 19. bxc5 b5 20. f4 Nc6 21. Nd6 Qe7 22. f5 f6 23. a4 Na7 24. axb5 Nxb5 25. Qc4+ Kh8 26. Nxb5 axb5 27. Qxb5 Rfc8 28. Rxa8 Bxa8 29. Ra1 Bc6 30. Qb6 1-0

[Event "Cologne-ch 54th"]
[Site "Cologne"]
[Date "2007.03.19"]
[Round "6"]
[White "Loskamp, Stefan"]
[Black "Scholzen, Wolfgang"]
[Result "1-0"]
[WhiteElo "2164"]
[BlackElo "2001"]
[PlyCount "81"]
[EventDate "2007.02.06"]
[EventType "swiss"]
[EventRounds "7"]
[EventCountry "GER"]
[SourceTitle "EXT 2010"]
[Source "ChessBase"]
[SourceDate "2010.11.25"]
[SourceVersion "1"]
[SourceVersionDate "2010.11.25"]
[SourceQuality "1"]

1. e4 e5 2. Nf3 Nc6 3. Bb5 a6 4. Bxc6 dxc6 5. 0-0 Bg4 6. h3 Bxf3 7. Qxf3 Qf6 8. Qe2 0-0-0 9. d3 h5 10. Nd2 g5 11. Nc4 Ne7 12. Qe3 g4 13. Qg5 Qxg5 14. Bxg5 gxh3 15. g3 Rg8 16. Bh4 Re8 17. Nxe5 Nf5 18. Nf3 Nxh4 19. Nxh4 Be7 20. Nf5 Bf6 21. c3 c5 22. Rae1 h4 23. Kh2 hxg3+ 24. fxg3 Rg6 25. Kxh3 Kd7 26. Kg2 Reg8 27. Rh1 Be5 28. Re3 Rb6 29. Re2 Rbg6 30. Rh3 a5 31. Kf2 a4 32. d4 cxd4 33. cxd4 Bd6 34. e5 Bb4 35. Re4 Bd2 36. d5 Bc1 37. e6+ fxe6 38. dxe6+ Ke8 39. Rh7 Rf8 40. g4 Bxb2 41. Rxc7 1-0

[Event "Cologne-ch 54th"]
[Site "Cologne"]
[Date "2007.03.14"]
[Round "5"]
[White "Loskamp, Stefan"]
[Black "Dombrowski, Walter"]
[Result "1-0"]
[WhiteElo "2164"]
[BlackElo "2008"]
[PlyCount "49"]
[EventDate "2007.02.06"]
[EventType "swiss"]
[EventRounds "7"]
[EventCountry "GER"]
[SourceTitle "EXT 2010"]
[Source "ChessBase"]
[SourceDate "2010.11.25"]
[SourceVersion "1"]
[SourceVersionDate "2010.11.25"]
[SourceQuality "1"]

1. e4 d6 2. d4 g6 3. Nc3 Bg7 4. Bg5 Nd7 5. Qd2 c6 6. f4 Qb6 7. 0-0-0 a5 8. e5 dxe5 9. dxe5 Nc5 10. Bc4 Be6 11. Bxe6 fxe6 12. g4 Nh6 13. Qe2 Kf7 14. Nh3 Rhe8 15. Nf2 Kg8 16. Nfe4 Nxe4 17. Nxe4 a4 18. a3 Ra5 19. Bh4 Rd5 20. Nc3 Rxd1+ 21. Rxd1 Qa5 22. Qc4 Kf7 23. Ne4 Nxg4 24. Ng5+ Kf8 25. Qxe6 1-0

[Event "Cologne-ch 54th"]
[Site "Cologne"]
[Date "2007.02.06"]
[Round "1"]
[White "Rotstein, Jefim"]
[Black "Loskamp, Stefan"]
[Result "1-0"]
[WhiteElo "2380"]
[BlackElo "2164"]
[PlyCount "49"]
[EventDate "2007.02.06"]
[EventType "swiss"]
[EventRounds "7"]
[EventCountry "GER"]
[SourceTitle "EXT 2010"]
[Source "ChessBase"]
[SourceDate "2010.11.25"]
[SourceVersion "1"]
[SourceVersionDate "2010.11.25"]
[SourceQuality "1"]

1. f4 c5 2. Nf3 Nf6 3. d3 d5 4. e3 d4 5. e4 g6 6. Be2 Bg7 7. 0-0 0-0 8. Qe1 Nc6 9. Qh4 Ne8 10. Nbd2 Nc7 11. Nc4 b5 12. Nce5 Nxe5 13. Nxe5 Bb7 14. a4 f6 15. Ng4 f5 16. Nf2 a6 17. Bf3 Qd7 18. exf5 Bxf3 19. gxf3 h6 20. fxg6 Rf6 21. axb5 Nxb5 22. Qh5 Rf5 23. Qh3 Raf8 24. Ne4 Rg5+ 25. Nxg5 1-0

[Event "Goch op 17th"]
[Site "Goch"]
[Date "2006.10.15"]
[Round "6"]
[White "Ahlberg, Matthias"]
[Black "Loskamp, Stefan"]
[Result "0-1"]
[WhiteElo "2093"]
[BlackElo "2164"]
[PlyCount "92"]
[EventDate "2006.10.12"]
[EventType "swiss"]
[EventRounds "7"]
[EventCountry "GER"]
[SourceTitle "EXT 2008"]
[Source "ChessBase"]
[SourceDate "2007.11.25"]
[SourceVersion "1"]
[SourceVersionDate "2007.11.25"]
[SourceQuality "1"]

1. e4 c6 2. d4 d5 3. Nd2 dxe4 4. Nxe4 Nd7 5. Nf3 Ngf6 6. Nxf6+ Nxf6 7. Be2 Bf5 8. 0-0 e6 9. Bg5 h6 10. Bh4 Qb6 11. b3 Ba3 12. Ne5 Qd8 13. Nc4 Bb4 14. Bxf6 Qxf6 15. a3 Bc3 16. Nd6+ Ke7 17. Nxf5+ Qxf5 18. Bd3 Qf6 19. Rb1 Bxd4 20. Qg4 Rad8 21. b4 a6 22. a4 Bc3 23. b5 cxb5 24. axb5 a5 25. Qc4 Qd4 26. Qc7+ Rd7 27. Qc4 Qxc4 28. Bxc4 Rd4 29. Ba2 b6 30. Rb3 Rc8 31. Bb1 Rc5 32. f4 a4 33. Ra3 Bb2 34. Re3 Rxb5 35. f5 Rdd5 36. c4 Bd4 37. cxd5 Bxe3+ 38. Kh1 exd5 39. g4 Rb2 40. Bd3 b5 41. Rb1 Rxb1+ 42. Bxb1 b4 43. Bc2 b3 44. Bd1 Kd6 45. Kg2 Kc5 46. Kf3 Bg1 0-1

[Event "Goch op 17th"]
[Site "Goch"]
[Date "2006.10.15"]
[Round "7"]
[White "Loskamp, Stefan"]
[Black "Dehn, Marcus"]
[Result "0-1"]
[WhiteElo "2164"]
[BlackElo "2142"]
[PlyCount "38"]
[EventDate "2006.10.12"]
[EventType "swiss"]
[EventRounds "7"]
[EventCountry "GER"]
[SourceTitle "EXT 2008"]
[Source "ChessBase"]
[SourceDate "2007.11.25"]
[SourceVersion "1"]
[SourceVersionDate "2007.11.25"]
[SourceQuality "1"]

1. e4 b6 2. d4 Bb7 3. Bd3 Nf6 4. Qe2 Nc6 5. e5 Nxd4 6. Qe3 Bxg2 7. Qxd4 Bxh1 8. exf6 exf6 9. f3 Bc5 10. Qg4 f5 11. Bxf5 Bxg1 12. Be4 f5 13. Bxf5 0-0 14. Bg5 Bxf3 15. Bxh7+ Kh8 16. Qh4 Qe8+ 17. Be4+ Bh5 18. Nc3 d5 19. Kd2 Rf2+ 0-1

[Event "Goch op 17th"]
[Site "Goch"]
[Date "2006.10.13"]
[Round "2"]
[White "Loskamp, Stefan"]
[Black "Beckmann, Arne"]
[Result "1-0"]
[WhiteElo "2164"]
[BlackElo "1969"]
[PlyCount "67"]
[EventDate "2006.10.12"]
[EventType "swiss"]
[EventRounds "7"]
[EventCountry "GER"]
[SourceTitle "EXT 2008"]
[Source "ChessBase"]
[SourceDate "2007.11.25"]
[SourceVersion "1"]
[SourceVersionDate "2007.11.25"]
[SourceQuality "1"]

1. e4 e5 2. Nf3 Nc6 3. Bb5 a6 4. Bxc6 dxc6 5. 0-0 Bd6 6. d4 Bg4 7. dxe5 Bxf3 8. Qxf3 Bxe5 9. Nd2 b5 10. Nb3 Qe7 11. Qe3 Bd6 12. Qc3 c5 13. f4 c4 14. Be3 0-0-0 15. Na5 Bb4 16. Nc6 Bxc3 17. Nxe7+ Nxe7 18. bxc3 Rhe8 19. a4 Nd5 20. Bd4 Rxe4 21. axb5 axb5 22. Rfd1 Rde8 23. g3 f6 24. Rdb1 c6 25. Ra8+ Kd7 26. Ra7+ Ke6 27. Rxg7 Re7 28. Rxe7+ Kxe7 29. Kf2 Kf7 30. Kf3 Re6 31. Ra1 Kg6 32. g4 f5 33. Ra7 h6 34. Rg7# 1-0

[Event "Duisburg Grossenbaum op"]
[Site "Duisburg"]
[Date "2006.06.03"]
[Round "3"]
[White "Loskamp, Stefan"]
[Black "Giebel, Andreas"]
[Result "1/2-1/2"]
[WhiteElo "2189"]
[BlackElo "1868"]
[PlyCount "20"]
[EventDate "2006.06.02"]
[EventType "swiss"]
[EventRounds "7"]
[EventCountry "GER"]
[SourceTitle "EXT 2007"]
[Source "ChessBase"]
[SourceDate "2006.11.23"]
[SourceVersion "1"]
[SourceVersionDate "2006.11.23"]
[SourceQuality "1"]

1. e4 d5 2. exd5 Qxd5 3. Nc3 Qa5 4. d4 Nf6 5. Bc4 c6 6. Bd2 Bf5 7. d5 Qc5 8. dxc6 Nxc6 9. Bb5 0-0-0 10. Bxc6 Qxc6 1/2-1/2

[Event "Cologne-ch"]
[Site "Cologne"]
[Date "2006.04.01"]
[Round "7"]
[White "Loskamp, Stefan"]
[Black "Wieferig, Wolfgang"]
[Result "1/2-1/2"]
[WhiteElo "2202"]
[BlackElo "2233"]
[PlyCount "123"]
[EventDate "2006.02.27"]
[EventType "swiss"]
[EventRounds "7"]
[EventCountry "GER"]
[SourceTitle "EXT 2007"]
[Source "ChessBase"]
[SourceDate "2006.11.23"]
[SourceVersion "1"]
[SourceVersionDate "2006.11.23"]
[SourceQuality "1"]

1. e4 c5 2. Nf3 Nc6 3. d4 cxd4 4. Nxd4 Nf6 5. Nc3 d6 6. f3 e5 7. Nb3 Be6 8. Be3 d5 9. exd5 Nxd5 10. Nxd5 Bxd5 11. Qe2 Be6 12. Qb5 Qc7 13. Nc5 Bxc5 14. Qxc5 0-0-0 15. Bd3 Rd5 16. Qa3 Qa5+ 17. Qxa5 Rxa5 18. a3 Rd8 19. 0-0 Nd4 20. f4 exf4 21. Rxf4 Nc6 22. Re1 g6 23. Bd2 Re5 24. Ref1 Nd4 25. R1f2 Bf5 26. Bf1 Ne2+ 27. Bxe2 Rxd2 28. Bf1 Rd1 29. h3 Be6 30. Kh2 g5 31. Ra4 a6 32. Bc4 Bd7 33. Rb4 f5 34. Bd3 f4 35. Re4 Rxe4 36. Bxe4 h6 37. h4 Re1 38. Bd3 Re7 39. hxg5 hxg5 40. Re2 Rxe2 41. Bxe2 g4 42. Kg1 Kc7 43. Kf2 Kd6 44. g3 Ke5 45. Bd1 Ke4 46. Be2 fxg3+ 47. Kxg3 Ke3 48. Bd3 Kd2 49. Kf4 Kc1 50. b3 Kb2 51. a4 Kc3 52. Bg6 a5 53. Bh7 b6 54. Bg6 Be6 55. Be4 Kd4 56. Bg6 Bd5 57. Kxg4 Be4 58. c3+ Kd3 59. Bxe4+ Kxe4 60. b4 Kd3 61. bxa5 bxa5 62. Kf3 1/2-1/2

[Event "Cologne-ch"]
[Site "Cologne"]
[Date "2006.03.18"]
[Round "5"]
[White "Loskamp, Stefan"]
[Black "Khanukov, Boris"]
[Result "0-1"]
[WhiteElo "2202"]
[BlackElo "2358"]
[PlyCount "104"]
[EventDate "2006.02.27"]
[EventType "swiss"]
[EventRounds "7"]
[EventCountry "GER"]
[SourceTitle "EXT 2007"]
[Source "ChessBase"]
[SourceDate "2006.11.23"]
[SourceVersion "1"]
[SourceVersionDate "2006.11.23"]
[SourceQuality "1"]

1. e4 c5 2. Nf3 g6 3. d4 Bg7 4. d5 d6 5. c4 Nf6 6. Nc3 0-0 7. Be2 Bg4 8. Nd2 Bxe2 9. Qxe2 Nfd7 10. Nb5 a6 11. Na3 e6 12. 0-0 exd5 13. cxd5 b5 14. Nc2 Nb6 15. Re1 Qe7 16. Ne3 c4 17. f3 N8d7 18. Rd1 Ne5 19. Ndf1 Na4 20. Nc2 Nd3 21. Rxd3 cxd3 22. Qxd3 Nc5 23. Qd1 f5 24. exf5 Rxf5 25. Ng3 Rf7 26. Be3 Re8 27. Bf2 Be5 28. Nd4 Qf6 29. Nc6 Bxb2 30. Bxc5 dxc5 31. Ne4 Bd4+ 32. Kh1 Rxe4 33. fxe4 Be5 34. Qf3 Qh4 35. Qh3 Qxe4 36. Rd1 Qe2 37. Rg1 Bd4 38. Nxd4 cxd4 39. d6 Qe8 40. Qd3 Qe5 41. a4 Qxd6 42. axb5 axb5 43. Qxb5 d3 44. Rd1 d2 45. Qe2 Qd4 46. h3 Rd7 47. Kh2 h5 48. Kh1 Kg7 49. Qf3 Re7 50. Qf1 Qe3 51. Kh2 h4 52. Qf3 Qxf3 0-1

[Event "Cologne-ch"]
[Site "Cologne"]
[Date "2006.03.04"]
[Round "3"]
[White "Loskamp, Stefan"]
[Black "Hess, Christian1111"]
[Result "1/2-1/2"]
[WhiteElo "2202"]
[BlackElo "2119"]
[PlyCount "82"]
[EventDate "2006.02.27"]
[EventType "swiss"]
[EventRounds "7"]
[EventCountry "GER"]
[SourceTitle "EXT 2007"]
[Source "ChessBase"]
[SourceDate "2006.11.23"]
[SourceVersion "1"]
[SourceVersionDate "2006.11.23"]
[SourceQuality "1"]

1. e4 e6 2. d4 d5 3. Nc3 Nf6 4. e5 Nfd7 5. f4 c5 6. Nf3 Nc6 7. Be3 Qa5 8. a3 cxd4 9. Nxd4 a6 10. Nb3 Qc7 11. Bd3 b5 12. 0-0 Bb7 13. Ne2 Be7 14. Qe1 g5 15. fxg5 Ndxe5 16. Qf2 Rg8 17. Nbd4 Bxg5 18. Nxc6 Bxe3 19. Qxe3 Nxc6 20. a4 d4 21. Qf4 Ne5 22. Ng3 Rg4 23. Qf6 Nxd3 24. cxd3 Qe7 25. Qh8+ Kd7 26. Qe5 Rc8 27. Rac1 Rxc1 28. Rxc1 Qd6 29. Qh5 Rg7 30. axb5 f5 31. bxa6 Bxa6 32. Qf3 Rg8 33. Nh5 Ke7 34. Rc6 Bb7 35. Rxd6 Bxf3 36. Rd7+ Kxd7 37. Nf6+ Kd6 38. Nxg8 Be2 39. Nf6 Bxd3 40. Nxh7 e5 41. Ng5 e4 1/2-1/2

[Event "Cologne-ch"]
[Site "Cologne"]
[Date "2006.02.27"]
[Round "1"]
[White "Loskamp, Stefan"]
[Black "Lambertz, Michael"]
[Result "1/2-1/2"]
[WhiteElo "2202"]
[BlackElo "1969"]
[PlyCount "72"]
[EventDate "2006.02.27"]
[EventType "swiss"]
[EventRounds "7"]
[EventCountry "GER"]
[SourceTitle "EXT 2007"]
[Source "ChessBase"]
[SourceDate "2006.11.23"]
[SourceVersion "1"]
[SourceVersionDate "2006.11.23"]
[SourceQuality "1"]

1. e4 e6 2. d4 d5 3. Nc3 Bb4 4. e5 c5 5. a3 cxd4 6. axb4 dxc3 7. Nf3 Qc7 8. Ra3 cxb2 9. Bxb2 Nc6 10. Qd2 b6 11. Nd4 Nxd4 12. Bxd4 Ne7 13. f4 Bd7 14. b5 Nf5 15. Bb2 h5 16. Rc3 Qb7 17. Rh3 0-0-0 18. Be2 g6 19. 0-0 Kb8 20. Ra3 Rc8 21. Rfa1 Rc7 22. Bd3 Ne7 23. Bd4 Nc8 24. Qe3 Be8 25. Bc3 Rc5 26. Bb4 Rxb5 27. Bxb5 Bxb5 28. Bd6+ Ka8 29. Rb1 Qc6 30. Rc3 Bc4 31. Ra3 Kb7 32. Rba1 Rd8 33. Qd4 Rd7 34. Bb4 Bb5 35. Rc3 Bc4 36. Rca3 Bb5 1/2-1/2

[Event "Boeblingen op 22nd"]
[Site "Boeblingen"]
[Date "2005.12.28"]
[Round "5"]
[White "Vujic, Branimir"]
[Black "Loskamp, Stefan"]
[Result "1-0"]
[WhiteElo "2357"]
[BlackElo "2181"]
[PlyCount "61"]
[EventDate "2005.12.26"]
[EventType "swiss"]
[EventRounds "9"]
[EventCountry "GER"]
[SourceTitle "CBM 110 Extra"]
[Source "ChessBase"]
[SourceDate "2006.03.10"]
[SourceVersion "2"]
[SourceVersionDate "2006.03.10"]
[SourceQuality "1"]

1. d4 Nf6 2. Bf4 e6 3. e3 c5 4. Nf3 b6 5. Nbd2 Be7 6. Nc4 d5 7. Nce5 0-0 8. c3 Ne4 9. Nd2 f6 10. Nef3 Nxd2 11. Qxd2 Bd6 12. Bg3 a5 13. dxc5 Bxc5 14. Be2 e5 15. 0-0 Be6 16. Rfd1 Qe7 17. Bb5 Qb7 18. Qe2 Bg4 19. h3 Bh5 20. Rxd5 Bf7 21. Rd2 Rc8 22. Rad1 Be7 23. a3 Bb3 24. Rc1 a4 25. c4 Ra5 26. Rc3 Rxb5 27. cxb5 Rxc3 28. bxc3 Qc7 29. Qd3 Bc4 30. Qe4 Bxa3 31. Nxe5 1-0

[Event "Boeblingen op 22nd"]
[Site "Boeblingen"]
[Date "2005.12.27"]
[Round "3"]
[White "Dausch, Rene"]
[Black "Loskamp, Stefan"]
[Result "1-0"]
[WhiteElo "2387"]
[BlackElo "2181"]
[PlyCount "53"]
[EventDate "2005.12.26"]
[EventType "swiss"]
[EventRounds "9"]
[EventCountry "GER"]
[SourceTitle "CBM 110 Extra"]
[Source "ChessBase"]
[SourceDate "2006.03.10"]
[SourceVersion "2"]
[SourceVersionDate "2006.03.10"]
[SourceQuality "1"]

1. d4 Nf6 2. Nf3 e6 3. g3 c5 4. Bg2 a6 5. 0-0 b6 6. e4 Nxe4 7. Ng5 d5 8. Nxe4 dxe4 9. Bxe4 Ra7 10. dxc5 Rd7 11. Qh5 Bxc5 12. Qe5 Bb7 13. Bxb7 Rxb7 14. Qxg7 Bd4 15. Qh6 Qf6 16. c3 Be5 17. Qxf6 Bxf6 18. Nd2 Ke7 19. Ne4 Be5 20. f4 Bc7 21. f5 f6 22. fxe6 Be5 23. Bg5 Rf8 24. Nxf6 Rxf6 25. Rae1 Nc6 26. Rxe5 Nxe5 27. Rxf6 1-0

[Event "Cologne-ch"]
[Site "Cologne"]
[Date "2005.10.09"]
[Round "7.2"]
[White "Loskamp, Stefan"]
[Black "Rotstein, Jefim"]
[Result "0-1"]
[WhiteElo "2124"]
[BlackElo "2361"]
[PlyCount "108"]
[EventDate "2005.08.29"]
[EventType "swiss"]
[EventRounds "7"]
[EventCountry "GER"]
[SourceTitle "EXT 2006"]
[Source "ChessBase"]
[SourceDate "2005.11.24"]
[SourceVersion "1"]
[SourceVersionDate "2005.11.24"]
[SourceQuality "1"]

1. e4 c5 2. Nf3 e6 3. d4 cxd4 4. Nxd4 Nf6 5. Nc3 d6 6. Be3 a6 7. f3 b5 8. Qd2 Bb7 9. g4 Nc6 10. Nxc6 Bxc6 11. g5 Nd7 12. Ne2 Rc8 13. Nd4 Bb7 14. 0-0-0 Be7 15. h4 Ne5 16. h5 Qc7 17. Rg1 g6 18. Kb1 Nc4 19. Bxc4 Qxc4 20. Rh1 e5 21. Nb3 Ba8 22. Nc1 b4 23. b3 Qc7 24. Nd3 a5 25. Nb2 d5 26. exd5 Rd8 27. Rh4 Bxd5 28. Qh2 Bxf3 29. Rxd8+ Bxd8 30. Rc4 Qe7 31. hxg6 fxg6 32. Nd3 Bc7 33. Qh3 0-0 34. Nc5 Bd5 35. Rh4 Rf3 36. Qc8+ Qd8 37. Qxd8+ Bxd8 38. Bd2 Bb6 39. Nd7 Rf1+ 40. Kb2 Bd4+ 41. Rxd4 exd4 42. Nf6+ Rxf6 43. gxf6 Kf7 44. Bg5 Ke6 45. f7 Kxf7 46. Bd8 a4 47. Kc1 axb3 48. axb3 Ke6 49. Kd2 Be4 50. Ba5 h5 51. Bxb4 h4 52. Ba5 g5 53. b4 Kd7 54. Ke2 h3 0-1

[Event "Cologne-ch"]
[Site "Cologne"]
[Date "2005.09.14"]
[Round "3.7"]
[White "Raasch, Joerg"]
[Black "Loskamp, Stefan"]
[Result "0-1"]
[WhiteElo "2279"]
[BlackElo "2124"]
[PlyCount "150"]
[EventDate "2005.08.29"]
[EventType "swiss"]
[EventRounds "7"]
[EventCountry "GER"]
[SourceTitle "EXT 2006"]
[Source "ChessBase"]
[SourceDate "2005.11.24"]
[SourceVersion "1"]
[SourceVersionDate "2005.11.24"]
[SourceQuality "1"]

1. d4 Nf6 2. Bg5 Ne4 3. Bf4 e6 4. e3 b6 5. Bd3 Bb7 6. f3 Nf6 7. Ne2 Nd5 8. Nbc3 Nxf4 9. Nxf4 g6 10. 0-0 Bg7 11. Nce2 0-0 12. c3 Kh8 13. Nh3 c5 14. f4 Nc6 15. Ng5 Ne7 16. Ng3 Qc7 17. Qe2 f5 18. Nf3 Rae8 19. Bb5 Nd5 20. Nh1 Re7 21. Nf2 a6 22. Ba4 b5 23. Bc2 Nb6 24. Bb3 Rfe8 25. Rad1 c4 26. Bc2 a5 27. Nh3 Nd5 28. e4 Nxf4 29. Nxf4 Qxf4 30. Ne5 Qh4 31. g3 Qf6 32. a4 d6 33. Nf3 d5 34. e5 Qf8 35. axb5 Ra8 36. Ra1 Qe8 37. Ba4 Bc8 38. b6 Bd7 39. b7 Ra7 40. Bc2 Qb8 41. Rfb1 Be8 42. Nd2 Rexb7 43. b3 cxb3 44. Nxb3 Bf8 45. Nc5 Bxc5 46. dxc5 Rxb1+ 47. Rxb1 Rb7 48. Rxb7 Qxb7 49. Qe3 Bc6 50. Qg5 Qd7 51. Qf4 Kg7 52. h4 h6 53. g4 Qe7 54. gxf5 Qxc5+ 55. Kh2 gxf5 56. Qg3+ Kh7 57. h5 Be8 58. Qh4 Qf8 59. Qd8 Qf7 60. Bd1 a4 61. Kg3 a3 62. Qa8 Qg7+ 63. Kf2 Qe7 64. Be2 Qh4+ 65. Ke3 Qg5+ 66. Kf2 Bxh5 67. Qa7+ Qg7 68. Qxa3 Bxe2 69. Kxe2 Qxe5+ 70. Kf2 f4 71. Qe7+ Kg6 72. Qe8+ Kg5 73. Qg8+ Kh4 74. Qg6 Qe3+ 75. Kf1 f3 0-1

[Event "Cologne-ch"]
[Site "Cologne"]
[Date "2005.08.29"]
[Round "1.1"]
[White "Morawietz, Dieter"]
[Black "Loskamp, Stefan"]
[Result "1-0"]
[WhiteElo "2393"]
[BlackElo "2124"]
[PlyCount "41"]
[EventDate "2005.08.29"]
[EventType "swiss"]
[EventRounds "7"]
[EventCountry "GER"]
[SourceTitle "EXT 2006"]
[Source "ChessBase"]
[SourceDate "2005.11.24"]
[SourceVersion "1"]
[SourceVersionDate "2005.11.24"]
[SourceQuality "1"]

1. e4 c6 2. d4 d5 3. e5 c5 4. dxc5 Nc6 5. Bf4 e6 6. Bd3 Nge7 7. Nf3 Ng6 8. Bg3 f5 9. h4 Bxc5 10. h5 Nf8 11. Nc3 a6 12. a3 Nd7 13. Qd2 Ba7 14. 0-0-0 Nc5 15. Bh4 Nxd3+ 16. Qxd3 Qc7 17. h6 g6 18. Nxd5 exd5 19. Qxd5 Qd7 20. Qc4 Qe6 21. Qxc6+ 1-0

[Event "Duisburg Grossenbaum op"]
[Site "Duisburg"]
[Date "2005.05.15"]
[Round "4"]
[White "Breuer, Marian"]
[Black "Loskamp, Stefan"]
[Result "0-1"]
[WhiteElo "1884"]
[BlackElo "2176"]
[PlyCount "64"]
[EventDate "2005.05.13"]
[EventType "swiss"]
[EventRounds "7"]
[EventCountry "GER"]
[SourceTitle "EXT 2006"]
[Source "ChessBase"]
[SourceDate "2005.11.24"]
[SourceVersion "1"]
[SourceVersionDate "2005.11.24"]
[SourceQuality "1"]

1. Nf3 c5 2. c4 e6 3. Nc3 Nf6 4. g3 b6 5. Bg2 Bb7 6. 0-0 d6 7. d4 cxd4 8. Qxd4 Nbd7 9. b3 a6 10. Bb2 Be7 11. e4 0-0 12. Rfd1 Qc7 13. Ba3 Ne8 14. Rac1 Rc8 15. Bb2 Qb8 16. Rd2 Qa8 17. Ne1 Nef6 18. Ba3 Nc5 19. Re2 Rfd8 20. b4 Ncd7 21. Na4 b5 22. Nb2 Ne5 23. f4 Nxc4 24. Nxc4 bxc4 25. Rxc4 Rxc4 26. Qxc4 d5 27. exd5 Nxd5 28. Qb3 Rc8 29. Rc2 Rxc2 30. Qxc2 Qd8 31. Qf2 Qc7 32. Qd4 e5 0-1

[Event "Duisburg Grossenbaum op"]
[Site "Duisburg"]
[Date "2005.05.15"]
[Round "5"]
[White "Loskamp, Stefan"]
[Black "Harff, Marcel"]
[Result "1/2-1/2"]
[WhiteElo "2176"]
[BlackElo "1766"]
[PlyCount "80"]
[EventDate "2005.05.13"]
[EventType "swiss"]
[EventRounds "7"]
[EventCountry "GER"]
[SourceTitle "EXT 2006"]
[Source "ChessBase"]
[SourceDate "2005.11.24"]
[SourceVersion "1"]
[SourceVersionDate "2005.11.24"]
[SourceQuality "1"]

1. e4 e6 2. d4 d5 3. Nc3 Nf6 4. e5 Nfd7 5. f4 c5 6. Nf3 Nc6 7. Be3 a6 8. Qd2 b5 9. dxc5 Bxc5 10. Bxc5 Nxc5 11. Qf2 Qb6 12. Bd3 Nxd3+ 13. cxd3 Qxf2+ 14. Kxf2 Bd7 15. Ke3 Ke7 16. Nd4 Rac8 17. Rac1 f6 18. Nxc6+ Rxc6 19. Ne2 Rhc8 20. Rxc6 Bxc6 21. Rc1 Kd7 22. Nd4 Bb7 23. Rxc8 Bxc8 24. Nb3 Kc6 25. Kd4 f5 26. Na5+ Kb6 27. b4 h6 28. h3 Bd7 29. Nb3 Be8 30. Nc5 Bf7 31. g4 g6 32. Nd7+ Kc6 33. Nf6 Kb6 34. Ke3 a5 35. a3 axb4 36. axb4 Kc6 37. Kf3 Kc7 38. Kg3 Kc6 39. d4 Kc7 40. h4 h5 1/2-1/2

[Event "Duisburg Grossenbaum op"]
[Site "Duisburg"]
[Date "2005.05.14"]
[Round "3"]
[White "Loskamp, Stefan"]
[Black "Henrichs, Thomas"]
[Result "0-1"]
[WhiteElo "2176"]
[BlackElo "2400"]
[PlyCount "54"]
[EventDate "2005.05.13"]
[EventType "swiss"]
[EventRounds "7"]
[EventCountry "GER"]
[SourceTitle "EXT 2006"]
[Source "ChessBase"]
[SourceDate "2005.11.24"]
[SourceVersion "1"]
[SourceVersionDate "2005.11.24"]
[SourceQuality "1"]

1. e4 c5 2. Nf3 d6 3. d4 cxd4 4. Nxd4 Nf6 5. Nc3 a6 6. Be3 e6 7. f3 b5 8. Qd2 Nbd7 9. g4 h6 10. 0-0-0 Ne5 11. h4 b4 12. Nce2 Nc4 13. Qd3 Nxe3 14. Qxe3 Qb6 15. Ng3 g6 16. Bg2 e5 17. Ndf5 Qc6 18. Nxh6 Bxh6 19. g5 Bf8 20. f4 Nh5 21. Nxh5 Rxh5 22. Bf3 Rh7 23. f5 Bb7 24. Rh3 0-0-0 25. fxg6 fxg6 26. Qb3 Rc7 27. Rd2 Qc4 0-1